[Event "Eq:Team USA-Royal chess : "]
[Site "www.chess-mail.com"]
[Date "2016.02.01"]
[Round "1"]
[White "Krystek23"]
[Black "Uji40"]
[WhiteElo "2140"]
[BlackElo "1950"]
[Result "1/2-1/2"]
[Round "1"]
1.c4 Ng8f6
2.Nb1c3 d5
3.cxd5 Nf6xd5
4.e4 Nd5xc3
5.bxc3 e5
6.Ng1f3 Nb8c6
7.Bf1b5 Bc8d7
8.O-O Bf8d6
9.d3 a6
10.Bb5c4 Bd6e7
11.Bc4d5 O-O
12.Ra1b1 b6
13.Bc1e3 Ra8b8
14.Bd5xc6 Bd7xc6
15.Nf3xe5 Bc6b7
16.Qd1c2 Be7d6
17.Ne5f3 Rf8e8
18.a4 a5
19.Nf3d4 Bd6c5
20.Nd4f5 Bb7c8
21.Nf5xg7 Bc5xe3
22.fxe3 Kxg7
23.Rf1f4 Re8f8
24.Rb1b5 Kh8
25.Rb5h5 Qd8e7
26.Rf4h4 f6
27.Rh5xh7 Qe7xh7
28.Rh4xh7 Kxh7
29.Qc2f2 Bc8a6
30.Qf2g3 c6
31.Qg3c7 Kg6
32.Qc7g3 Kh6
33.Qg3d6 Rb8d8
34.Qd6f4 Kg6
35.Qf4g3 Kh6
36.Qg3h4 Kg6
37.Qh4g3 Kh6
38.Qg3h4 Kg6
39.Qh4g3 { draw }
1/2-1/2

[Event "Tourn. n8580"]
[Site "www.chess-mail.com"]
[Date "2016.02.02"]
[Round "1"]
[White "Leeds"]
[Black "0o0o0"]
[WhiteElo "1810"]
[BlackElo "1629"]
[Result "1/2-1/2"]
[Round "1"]
1.d4 Ng8f6
2.c4 d6
3.Nb1c3 g6
4.e4 Bf8g7
5.f4 Nb8d7
6.Ng1f3 c5
7.dxc5 Nd7xc5
8.Qd1c2 a5
9.Bf1e2 O-O
10.O-O b6
11.Rf1d1 Qd8c7
12.Bc1e3 Bc8b7
13.Nc3d5 Qc7d8
{ draw }
1/2-1/2

[Event "Tourn. n8464"]
[Site "www.chess-mail.com"]
[Date "2016.02.02"]
[Round "1"]
[White "Fvdp"]
[Black "Wwgia"]
[WhiteElo "2380"]
[BlackElo "2220"]
[Result "1-0"]
[Round "1"]
1.e4 c5
2.Nb1c3 Nb8c6
3.g3 g6
4.Bf1g2 Bf8g7
5.d3 e6
6.f4 Ng8e7
7.Ng1f3 d5
8.O-O O-O
9.Ra1b1 Ra8b8
10.a3 b5
11.Nc3e2 a5
12.Bc1e3 d4
13.Be3f2 b4
14.axb4 axb4
15.b3 Bc8b7
16.Nf3d2 Ne7c8
17.Nd2c4 Nc8d6
18.Nc4xd6 Qd8xd6
19.g4 Nc6a7
20.Bf2g3 e5
21.f5 Bg7h6
22.Bg3h4 Bh6e3
23.Bh4f2 Be3xf2
24.Rf1xf2 g5
25.f6 Bb7c8
26.h4 Bc8xg4
27.hxg5 Kh8
28.Bg2f3 Bg4xf3
29.Rf2xf3 Rf8g8
30.Rf3g3 Rg8g6
31.Kg2 Rb8g8
32.Qd1d2 Na7b5
33.Rb1h1 Nb5c3
34.Rh1xh7 { resign }
1-0

[Event "Tourn. n8600"]
[Site "www.chess-mail.com"]
[Date "2016.02.02"]
[Round "1"]
[White "Mitja"]
[Black "Guidom"]
[WhiteElo "1820"]
[BlackElo "2100"]
[Result "0-1"]
[Round "1"]
1.d4 d5
2.e3 c6
3.c3 Bc8f5
4.Bf1d3 Bf5g6
5.Bd3xg6 hxg6
6.h3 Ng8f6
7.Ng1f3 e6
8.Nb1d2 Bf8d6
9.Nd2b3 Nb8d7
10.Bc1d2 Qd8e7
11.Qd1c2 Nf6e4
12.Qc2d3 Nd7f6
13.Bd2c1 b6
14.Nb3d2 Ra8c8
15.Qd3c2 O-O
16.Nd2xe4 Nf6xe4
17.Nf3d2 Ne4xd2
18.Bc1xd2 c5
19.dxc5 bxc5
20.Qc2d3 c4
21.Qd3c2 e5
22.O-O e4
23.f4 f5
24.Ra1e1 Rc8b8
25.g4 Qe7h4
26.Kg2 fxg4
27.hxg4 Qh4xg4
28.Kh1 Kf7
29.Rf1f2 Rf8h8
30.Rf2h2 Rh8xh2
{ resign }
0-1

[Event "Tourn. n8552"]
[Site "www.chess-mail.com"]
[Date "2016.02.02"]
[Round "1"]
[White "Julian"]
[Black "Hundegana"]
[WhiteElo "1980"]
[BlackElo "1980"]
[Result "1-0"]
[Round "1"]
1.e4 e5
2.Ng1f3 d6
3.d4 Nb8d7
4.c3 Ng8f6
5.Nb1d2 a6
6.Bf1c4 b5
7.Bc4b3 Bf8e7
8.O-O c6
9.Rf1e1 O-O
10.Nd2f1 h6
11.Nf1g3 Kh7
12.Ng3f5 Nd7b6
13.Bb3c2 Bc8xf5
14.exf5 Nb6d5
15.dxe5 dxe5
16.Nf3xe5 Qd8c7
17.g4 Be7d6
18.f4 Ra8e8
19.g5 Bd6xe5
20.fxe5 Nf6d7
21.e6 fxe6
22.fxe6 Kh8
23.exd7 Re8xe1
24.Qd1xe1 Qc7xd7
25.gxh6 Qd7g4
26.Qe1g3 Qg4xg3
27.hxg3 gxh6
28.Bc1xh6 Rf8g8
29.Kf2 a5
30.Ra1h1 Rg8g4
31.Bh6e3 Kg7
32.Be3d4 Kf7
33.Rh1h6 Nd5e7
34.Bc2b3 Ke8
35.Bb3e6 Ne7g8
36.Rh6h8 Kf8
37.Be6xg4 b4
38.Bg4e6 bxc3
39.Bd4f6 c2
40.Rh8xg8 { resign }
1-0

[Event "Tourn. n8571"]
[Site "www.chess-mail.com"]
[Date "2016.02.02"]
[Round "1"]
[White "Genius5"]
[Black "Tonino1"]
[WhiteElo "1820"]
[BlackElo "2030"]
[Result "0-1"]
[Round "1"]
1.f4 Ng8f6
2.b3 g6
3.Bc1b2 Bf8g7
4.Ng1f3 O-O
5.g3 d5
6.Bf1g2 c6
7.O-O Nb8d7
8.Nf3e5 Qd8c7
9.Ne5xd7 Nf6xd7
10.Bb2xg7 Kxg7
11.e4 dxe4
12.Bg2xe4 f5
13.Be4g2 e5
14.fxe5 Nd7xe5
15.Nb1c3 Bc8e6
 { time }
0-1

[Event "Tourn. n8529"]
[Site "www.chess-mail.com"]
[Date "2016.02.02"]
[Round "1"]
[White "Cal"]
[Black "Ledzepp"]
[WhiteElo "1600"]
[BlackElo "1499"]
[Result "1-0"]
[Round "1"]
1.Nb1c3 e5
2.e4 Bf8b4
3.a3 Bb4c5
4.Ng1f3 d6
5.h3 Ng8e7
6.b4 Bc5b6
7.d3 O-O
8.Bc1g5 f6
9.Bg5h4 Ne7g6
10.Bf1e2 Ng6f4
11.O-O Nb8c6
12.Qd1d2 Nc6d4
13.Nf3xd4 Bb6xd4
14.Ra1e1 c6
15.Bh4g3 Bc8e6
16.Nc3d1 a5
17.Bg3xf4 exf4
18.Qd2xf4 axb4
19.axb4 d5
20.c3 Bd4e5
21.Qf4f3 f5
22.exf5 Rf8xf5
23.Qf3g4 Rf5g5
24.Qg4xe6 Kh8
25.Be2g4 Qd8f8
26.Re1xe5 Rg5g6
27.Qe6d7 Ra8d8
28.Qd7xb7 Qf8d6
29.Rf1e1 Rg6f6
30.Re5e7 Rd8g8
31.Bg4e6 Rg8b8
32.Qb7d7 Qd6xd7
33.Be6xd7 h5
34.Re1e5 h4
35.Re5h5 Kg8
36.Re7e8 Rb8xe8
37.Bd7xe8 g6
38.Rh5xh4 Rf6e6
39.Be8d7 Re6e1
40.Kh2 Re1xd1
41.Rh4d4 Rd1c1
42.c4 dxc4
43.dxc4 c5
44.bxc5 Rc1a1
45.c6 Ra1a7
46.Rd4g4 Kf7
47.Rg4e4 Kf8
48.Re4e8 Kf7
49.Re8e5 Kf6
50.Re5e6 Kf7
51.g4 Kg7
52.Kg3 g5
53.f3 Kf7
54.h4 gxh4
55.Kxh4 Kg7
56.f4 Kf7
57.Kg5 { resign }
1-0

[Event "Tourn. n8597"]
[Site "www.chess-mail.com"]
[Date "2016.02.02"]
[Round "1"]
[White "Francesco"]
[Black "Libiesse"]
[WhiteElo "1960"]
[BlackElo "1990"]
[Result "0-1"]
[Round "1"]
1.e4 c5
2.c3 e6
3.d4 d5
4.exd5 exd5
5.Ng1f3 cxd4
6.Nf3xd4 Ng8f6
7.Bc1g5 Bf8e7
8.Bf1b5 Bc8d7
9.Bb5xd7 Qd8xd7
10.O-O O-O
11.Rf1e1 Rf8e8
12.Nb1d2 Nb8c6
13.Nd2f3 Ra8d8
14.Qd1d3 Nf6e4
15.Ra1d1 Ne4xg5
16.Re1xe7 Qd7xe7
17.Nd4xc6 bxc6
18.h4 Ng5xf3
19.Qd3xf3 Qe7xh4
{ resign }
0-1

[Event "Tourn. n8558"]
[Site "www.chess-mail.com"]
[Date "2016.02.02"]
[Round "1"]
[White "Masteratches"]
[Black "Darko10"]
[WhiteElo "2460"]
[BlackElo "2510"]
[Result "1-0"]
[Round "1"]
1.d4 Ng8f6
2.c4 c5
3.d5 b5
4.cxb5 a6
5.bxa6 Bc8xa6
6.Nb1c3 g6
7.e4 Ba6xf1
8.Kxf1 d6
9.Ng1f3 Nb8d7
10.g3 Bf8g7
11.Kg2 O-O
12.a4 Qd8a5
13.Bc1d2 Qa5a6
14.Rh1e1 Rf8c8
15.Nc3b5 c4
16.Bd2c3 Nd7c5
17.Qd1c2 h5
18.Nf3d4 Nc5d3
19.Re1e2 h4
20.Ra1a3 Qa6b7
21.Nd4c6 Qb7d7
22.Bc3d4 e6
23.Qc2xc4 Nd3e5
24.Bd4xe5 dxe5
25.Nb5c3 h3
26.Kf1 Bg7f8
27.Ra3a1 exd5
28.exd5 Qd7f5
29.Ra1d1 Qf5f3
30.Re2e3 Qf3g2
31.Ke2 Ra8b8
32.b3 e4
33.Nc3xe4 Nf6g4
34.Re3f3 Ng4e5
35.Ne4f6 Kg7
36.Nc6xe5 Rc8xc4
37.Ne5xc4 Bf8c5
38.Nf6g4 f5
39.Ng4e3 Qg2xh2
40.d6 Rb8xb3
41.d7 Rb3b8
42.d8Q Rb8xd8
43.Rd1xd8 Qh2g1
44.Rd8d7 Kf8
45.Ne3f1 h2
46.Nf1xh2 Qg1xh2
47.Nc4e5 Ke8
48.a5 Qh2g2
49.Rd7d3 g5
50.Ne5d7 g4
51.Rf3xf5 Bc5e7
52.Nd7f6 Be7xf6
53.Rf5xf6 Ke7
54.Rf6h6 { resign }
1-0

[Event "Tourn. n8540"]
[Site "www.chess-mail.com"]
[Date "2016.02.02"]
[Round "1"]
[White "Neo"]
[Black "Libiesse"]
[WhiteElo "1850"]
[BlackElo "1950"]
[Result "0-1"]
[Round "1"]
1.d4 d5
2.e3 Ng8f6
3.g3 c6
4.Bf1g2 Nb8d7
5.Ng1f3 Qd8c7
6.O-O e5
7.Nf3xe5 Nd7xe5
8.dxe5 Qc7xe5
9.c3 Bf8c5
10.a3 O-O
11.b4 Bc5b6
12.Bc1b2 Qe5e7
13.a4 Bc8f5
14.a5 Bb6c7
15.Nb1d2 Rf8e8
16.Nd2f3 Bf5g4
17.Qd1c1 h6
18.Nf3d4 Qe7d7
19.Bb2a3 Bg4h3
20.c4 Bh3xg2
21.Kxg2 Bc7e5
22.cxd5 Qd7xd5
23.Kg1 Be5xd4
24.exd4 Qd5xd4
25.Rf1d1 Qd4g4
26.Kg2 Nf6d5
27.Ra1b1 Re8e6
28.Rd1e1 Ra8e8
29.Re1xe6 Re8xe6
30.b5 Qg4e4
31.Kg1 Qe4f3
32.Qc1f1 Qf3xa3
33.a6 bxa6
34.bxa6 Nd5b6
35.Rb1d1 Re6d6
36.Rd1xd6 Qa3xd6
37.Qf1h3 Qd6e6
38.Qh3h4 Qe6f6
39.Qh4e4 Qf6e6
40.Qe4f4 Qe6c8
41.Qf4f3 c5
42.Qf3b7 Qc8xb7
43.axb7 Nb6d7
44.Kf1 a5
45.Ke1 Kf8
46.Kd1 Ke7
47.Kc2 Kd6
48.Kb3 Kc6
49.Ka4 c4
50.Kxa5 c3
51.Ka6 c2
52.Ka7 c1Q
53.b8Q Qc1a3

0-1

[Event "Tourn. n8475"]
[Site "www.chess-mail.com"]
[Date "2016.02.02"]
[Round "1"]
[White "Rons"]
[Black "Ericleo1980"]
[WhiteElo "2580"]
[BlackElo "2280"]
[Result "1-0"]
[Round "1"]
1.e4 c5
2.Ng1f3 d6
3.d4 cxd4
4.Nf3xd4 Ng8f6
5.Nb1c3 a6
6.Bc1e3 e6
7.f3 b5
8.g4 Nf6d7
9.Qd1d2 Bc8b7
10.O-O-O Nd7b6
11.Bf1d3 Nb8d7
12.Kb1 b4
13.Nc3e2 d5
14.Ne2f4 e5
15.exd5 exf4
16.Be3xf4 Nb6xd5
17.Rh1e1 Bf8e7
18.Nd4f5 O-O
19.Bd3e4 Nd7b6
20.Nf5xe7 Qd8xe7
21.Be4xd5 Qe7d7
22.Bd5xb7 Qd7xb7
{ time. }
1-0

[Event "Tourn. n8485"]
[Site "www.chess-mail.com"]
[Date "2016.02.02"]
[Round "1"]
[White "Tartan"]
[Black "Yangqi"]
[WhiteElo "2400"]
[BlackElo "2600"]
[Result "1/2-1/2"]
[Round "1"]
1.e4 e5
2.Ng1f3 Nb8c6
3.Bf1b5 f5
4.Nb1c3 fxe4
5.Nc3xe4 d5
6.Nf3xe5 dxe4
7.Ne5xc6 Qd8g5
8.Qd1e2 Ng8f6
9.f4 Qg5xf4
10.Nc6e5 c6
11.d4 Qf4h4
12.g3 Qh4h3
13.Bb5c4 Bf8d6
14.Bc1g5 Bc8e6
15.O-O-O O-O-O
16.Bg5xf6 gxf6
17.Bc4xe6 Qh3xe6
18.Qe2c4 Qe6xc4
19.Ne5xc4 f5
20.Nc4xd6 Rd8xd6
21.Rh1f1 Rh8f8
22.Rf1f4 Rd6h6
23.Rd1d2 Kd7
24.Rd2e2 Kd6
25.Kd2 Rh6h3
26.c3 a5
27.Ke1 a4
28.g4 a3
29.gxf5 axb2
30.Re2xb2 b5
31.Rb2e2 Rh3xc3
32.Re2xe4 Rc3c1
33.Kf2 Rc1c2
34.Re4e2 Rc2xe2
35.Kxe2 Rf8a8
36.Rf4h4 Ra8xa2
37.Kd3 Kd5
38.Rh4f4 Ra2a3
39.Kd2 Ra3a7
40.h4 Ra7a2
41.Kc3 Ra2a3
42.Kb2 Ra3a7
43.Kc3 Ra7a3
{ draw }
1/2-1/2

[Event "Tourn. n8544"]
[Site "www.chess-mail.com"]
[Date "2016.02.02"]
[Round "1"]
[White "Karpawn"]
[Black "Crull"]
[WhiteElo "1659"]
[BlackElo "1600"]
[Result "0-1"]
[Round "1"]
1.e4 c5
2.f4 e6
3.Ng1f3 Nb8c6
4.Bf1b5 Qd8b6
5.Bb5xc6 Qb6xc6
6.d3 Ng8f6
7.O-O Bf8e7
8.e5 Nf6g4
9.f5 exf5
10.h3 Ng4h6
11.Nb1c3 Be7d8
12.a4 Bd8b6
13.Nf3h4 d5
14.Qd1h5 c4
 { time }
0-1

[Event "Tourn. n8557"]
[Site "www.chess-mail.com"]
[Date "2016.02.02"]
[Round "1"]
[White "Cardiff"]
[Black "Tonino1"]
[WhiteElo "2000"]
[BlackElo "2010"]
[Result "1/2-1/2"]
[Round "1"]
1.d4 Ng8f6
2.Ng1f3 g6
3.Bc1f4 Bf8g7
4.e3 O-O
5.c3 d6
6.Bf1e2 c6
7.O-O Nb8d7
8.Nb1d2 Nf6h5
9.Rf1e1 Nh5xf4
10.exf4 Qd8c7
11.Be2d3 f6
12.Re1xe7 Qc7b6
13.Qd1b3 Qb6xb3
14.axb3 Nd7b6
15.Ra1e1 d5
16.b4 Bc8d7
17.Nd2b3 Rf8e8
18.Re7xe8 Ra8xe8
19.Re1xe8 Bd7xe8
20.Nb3c5 Bg7f8
21.Nc5xb7 Nb6a4
22.Bd3c2 { draw }
1/2-1/2

[Event "Tourn. n8537"]
[Site "www.chess-mail.com"]
[Date "2016.02.02"]
[Round "1"]
[White "Xkafi"]
[Black "Genius7"]
[WhiteElo "2010"]
[BlackElo "2140"]
[Result "0-1"]
[Round "1"]
1.e4 c6
2.d4 d5
3.e5 Bc8f5
4.Bc1g5 h6
5.Bg5h4 Qd8b6
6.b3 e6
7.a3 c5
8.Ng1f3 Nb8c6
9.c3 cxd4
10.Nf3xd4 Bf5xb1
11.Ra1xb1 Nc6xd4
12.Qd1xd4 g5
13.Bh4g3 Qb6xd4
14.cxd4 a6
15.Bf1e2 Ra8c8
16.a4 Bf8b4
17.Kd1 Ng8e7
18.Be2h5 Ne7f5
19.f4 Ke7
20.fxg5 hxg5
21.Bh5g4 Nf5xg3
{ resign }
0-1

[Event "Tourn. n8517"]
[Site "www.chess-mail.com"]
[Date "2016.02.02"]
[Round "1"]
[White "Faerieking"]
[Black "Tartan"]
[WhiteElo "2260"]
[BlackElo "2400"]
[Result "0-1"]
[Round "1"]
1.e4 c5
2.d4 cxd4
3.c3 Ng8f6
4.e5 Nf6d5
5.Ng1f3 Nb8c6
6.Bf1c4 Nd5b6
7.Bc4b3 d5
8.cxd4 Bc8g4
9.Bc1e3 e6
10.O-O Bf8e7
11.Nb1d2 O-O
12.h3 Bg4h5
13.a3 f6
14.exf6 Be7xf6
15.Qd1c2 Bh5g6
16.Qc2d1 Ra8c8
17.Ra1c1 Bg6h5
18.Bb3a2 Nc6xd4
19.Be3xd4 Bf6xd4
20.g4 Bh5xg4
21.hxg4 Bd4xb2
22.Rc1xc8 Qd8xc8
23.Qd1b3 Bb2c1
24.Rf1d1 Qc8c5
25.a4 Bc1xd2
26.Rd1xd2 Qc5c1
27.Rd2d1 Qc1f4
28.Rd1d3 Qf4xg4
29.Kf1 Rf8f4
30.Ke2 Rf4xa4
31.Qb3c2 e5
32.Ba2xd5 Nb6xd5
33.Qc2b3 Qg4e4
34.Kd1 Ra4c4
35.Nf3xe5 Qe4h1
{ resign }
0-1

[Event "Tourn. n8597"]
[Site "www.chess-mail.com"]
[Date "2016.02.02"]
[Round "1"]
[White "Francesco"]
[Black "Amaya"]
[WhiteElo "1960"]
[BlackElo "2040"]
[Result "1-0"]
[Round "1"]
1.e4 c5
2.Ng1f3 d6
3.d4 cxd4
4.Nf3xd4 Nb8c6
5.Nb1c3 g6
6.Bc1e3 Bf8g7
7.Qd1d2 Nc6e5
8.f4 Ne5g4
9.Bf1c4 Ng4xe3
10.Qd2xe3 Qd8b6
11.O-O-O Bg7h6
12.Nc3d5 Qb6c5
13.Bc4b5 Bc8d7
14.Bb5xd7 Kxd7
15.Rh1e1 e6
16.Nd5c3 Ng8e7
17.g3 e5
18.Nd4b5 Qc5xe3
19.Re1xe3 Ne7c8
20.Nc3e2 Rh8d8
21.Re3d3 Ke7
22.Kb1 exf4
23.Ne2xf4 Bh6xf4
24.gxf4 a6
25.Nb5c7 Ra8b8
26.e5 d5
27.Nc7xd5 Kf8
28.Nd5f6 Rd8xd3
29.Rd1xd3 Kg7
30.Rd3d8 Rb8a8
31.c4 Nc8b6
32.Rd8xa8 Nb6xa8
33.Nf6e8 Kh6
34.Ne8d6 { resign }
1-0

[Event "Tourn. n8501"]
[Site "www.chess-mail.com"]
[Date "2016.02.02"]
[Round "1"]
[White "Lino"]
[Black "Huw"]
[WhiteElo "2230"]
[BlackElo "2150"]
[Result "0-1"]
[Round "1"]
1.e4 e5
2.Ng1f3 Nb8c6
3.Bf1b5 a6
4.Bb5a4 Ng8f6
5.O-O Bf8e7
6.Rf1e1 b5
7.Ba4b3 O-O
8.c3 d6
9.h3 Nc6a5
10.Bb3c2 c5
11.d4 Qd8c7
12.Nb1d2 cxd4
13.cxd4 Na5c6
14.Nd2b3 a5
15.Bc1e3 Bc8b7
16.Ra1c1 Qc7d7
17.dxe5 dxe5
18.Qd1xd7 Nf6xd7
19.Bc2d3 a4
20.Nb3c5 Nd7xc5
21.Be3xc5 Be7xc5
22.Rc1xc5 b4
23.Nf3xe5 Rf8d8
24.Ne5xc6 Bb7xc6
25.Bd3c4 Rd8d6
26.e5 Rd6g6
27.g3 Kf8
 { time }
0-1

[Event "Match"]
[Site "www.echecsemail.com"]
[Date "2016.02.02"]
[Round "1"]
[White "Iko"]
[Black "Elogic"]
[WhiteElo "1660"]
[BlackElo "1669"]
[Result "1-0"]
[Round "1"]
1.e4 c5
2.Nb1c3 e6
3.d3 g6
4.Ng1f3 Bf8e7
5.Bf1e2 Nb8c6
6.Bc1e3 a6
7.O-O b5
8.d4 c4
9.a4 b4
10.Nc3b1 d5
11.exd5 exd5
12.Qd1d2 Ng8f6
13.Be3g5 Nf6e4
14.Qd2e3 f6
15.Bg5f4 g5
16.Bf4g3 f5
17.Nb1d2 f4
18.Bg3xf4 gxf4
19.Qe3xf4 Rh8f8
20.Qf4h6 Ne4xd2
21.Nf3xd2 Nc6xd4
22.Be2h5 Kd7
23.Qh6xh7 Kc7
24.Ra1e1 Kd7
25.Bh5g4 Kd6
26.Bg4xc8 Ra8xc8
27.Qh7h6 Kc7
28.Qh6xa6 Nd4c6
29.Re1e6 Qd8d7
30.Rf1e1 Rc8a8
31.Re6xc6 Kd8
32.Qa6xa8 { resign }
1-0

[Event "Match"]
[Site "www.echecsemail.com"]
[Date "2016.02.02"]
[Round "1"]
[White "Andregor"]
[Black "Numanoid"]
[WhiteElo "2410"]
[BlackElo "2550"]
[Result "1-0"]
[Round "1"]
1.e4 c5
2.Ng1f3 e6
3.d4 cxd4
4.Nf3xd4 Ng8f6
5.Nb1c3 Bf8b4
6.e5 Nf6d5
7.Bc1d2 Nd5xc3
8.bxc3 Bb4a5
9.Qd1g4 O-O
10.Bf1d3 d6
11.Nd4f3 f5
12.Qg4g3 dxe5
13.Nf3xe5 Nb8d7
14.O-O Nd7xe5
15.Qg3xe5 Ba5c7
16.Qe5e2 Bc8d7
17.Ra1b1 b6
18.Rb1d1 Qd8f6
19.Bd3c4 Ra8d8
20.Bd2c1 Bd7c8
21.Bc1a3 Rf8f7
22.Rd1d4 Rd8xd4
23.cxd4 Qf6xd4
24.Bc4xe6 Bc8xe6
25.Qe2xe6 Qd4d7
26.Qe6b3 h6
27.Rf1e1 Kh7
28.h4 Rf7f6
29.h5 Qd7f7
30.Re1e7 Qf7xb3
31.cxb3 Rf6c6
32.Ba3b2 Kg8
33.Re7xg7 Kf8
34.g3 Rc6c2
35.Bb2d4 f4
36.gxf4 { resign }
1-0

[Event "1/128 Finale"]
[Site "www.chess-mail.com"]
[Date "2016.02.02"]
[Round "1"]
[White "Piekki"]
[Black "Naujzaid"]
[WhiteElo "1800"]
[BlackElo "2010"]
[Result "0-1"]
[Round "1"]
1.e4 c5
2.Ng1f3 d6
3.d4 cxd4
4.Nf3xd4 Ng8f6
5.Nb1c3 e6
6.Bf1c4 a6
7.Bc4b3 Bf8e7
8.O-O O-O
9.Kh1 Qd8c7
10.f4 Nb8c6
11.Nd4f3 b5
12.Qd1e1 Bc8b7
13.Nf3g5 h6
14.Ng5xe6 fxe6
15.Bb3xe6 Kh8
16.f5 Nc6e5
17.Qe1h4 Nf6xe4
18.Qh4h5 Ne4f6
19.Qh5h3 b4
20.Nc3e2 Qc7xc2
21.Ne2f4 Bb7c8
22.Nf4g6 Ne5xg6
23.Bc1xh6 Bc8xe6
{ resign }
0-1

[Event "1/128 Finale"]
[Site "www.chess-mail.com"]
[Date "2016.02.02"]
[Round "1"]
[White "Gearoidmac"]
[Black "Karpawn"]
[WhiteElo "1809"]
[BlackElo "1659"]
[Result "1-0"]
[Round "1"]
1.d4 f5
2.c4 Ng8f6
3.Nb1c3 g6
4.g3 Bf8g7
5.Bf1g2 O-O
6.Ng1f3 d6
7.O-O Qd8e8
8.Nc3d5 Nf6xd5
9.cxd5 Qe8b5
10.Nf3g5 h6
11.Ng5e6 Bc8xe6
12.dxe6 c6
13.a4 Qb5c4
14.d5 Nb8a6
15.Bc1e3 c5
16.b3 Qc4c3
17.Ra1c1 Qc3b2
18.Be3d2 Ra8b8
19.Rc1c4 Na6c7
20.e4 b5
21.axb5 Nc7xb5
22.exf5 Nb5c3
23.Bd2xc3 Bg7xc3
24.fxg6 Rb8xb3
25.Rc4e4 Bc3d4
26.Re4e2 Qb2a3
27.Qd1d2 Kg7
28.Bg2e4 a5
29.Rf1b1 a4
30.Qd2a2  { time }
1-0

[Event "1/128 Finale"]
[Site "www.chess-mail.com"]
[Date "2016.02.02"]
[Round "1"]
[White "Hennie4820"]
[Black "Mrfunk"]
[WhiteElo "2030"]
[BlackElo "1499"]
[Result "0-1"]
[Round "1"]
1.e4 c5
2.Ng1f3 d6
3.d4 cxd4
4.Nf3xd4 Ng8f6
5.Nb1c3 a6
6.Bc1e3 Nf6g4
7.Be3c1 Ng4f6
8.Bf1e2 e5
9.Nd4b3 Bf8e7
10.O-O O-O
11.Bc1e3 Bc8e6
12.Nc3d5 Nb8d7
13.Nd5xe7 Qd8xe7
14.f3 d5
15.exd5 Nf6xd5
16.Be3f2 Nd5f4
17.c3 Rf8d8
18.Qd1c2 Qe7g5
19.Bf2g3 Qg5g6
20.Qc2d1 Nd7f6
21.Qd1e1 Nf6h5
22.Qe1f2 Be6xb3
23.Bg3xf4 Nh5xf4
24.Kh1 Rd8d2
25.Rf1e1 Bb3c4
26.Ra1d1 Rd2xe2
27.Re1xe2 Bc4xe2
28.Rd1e1 Qg6d3
29.g3 Be2xf3
{ resign }
0-1

[Event "Eq:chibcha-Equipo Juan Diaz : "]
[Site "www.chess-mail.com"]
[Date "2016.02.02"]
[Round "1"]
[White "Karlgrocer"]
[Black "Naujzaid"]
[WhiteElo "2050"]
[BlackElo "2060"]
[Result "0-1"]
[Round "1"]
1.Ng1f3 d5
2.d4 Ng8f6
3.e3 e6
4.Bf1e2 Bf8e7
5.O-O O-O
6.Nb1d2 b6
7.a3 Bc8a6
8.c4 Nb8d7
9.b4 c5
10.dxc5 bxc5
11.b5 Ba6b7
12.cxd5 exd5
13.a4 a6
14.Bc1b2 axb5
15.Be2xb5 Qd8c7
16.Ra1c1 Bb7a6
17.Bb5xa6 Ra8xa6
18.Bb2xf6 Nd7xf6
19.Qd1c2 Rf8a8
20.Rc1a1 Qc7d7
21.Nf3e5 Qd7e8
22.Ne5d3 c4
23.Nd3f4 Ra6xa4
24.Ra1d1 Ra4a2
25.Qc2f5 Ra2a5
26.Nd2f3 d4
27.Qf5c2 dxe3
28.fxe3 Be7c5
29.Nf3d4 Qe8xe3
30.Kh1 Bc5xd4
31.Qc2xc4 Ra5a4
32.Qc4c6 h6
33.Nf4d5 Nf6xd5
34.Qc6xd5 Bd4f6
35.h3 Ra4a2
36.Rf1e1 Qe3g3
37.Re1f1 Bf6e5
{ resign }
0-1

[Event "Fast Game"]
[Site "www.echecsemail.com"]
[Date "2016.02.02"]
[Round "1"]
[White "Maredocla"]
[Black "Hennie4820"]
[WhiteElo "1880"]
[BlackElo "1770"]
[Result "1-0"]
[Round "1"]
1.f4 e5
2.fxe5 d6
3.exd6 Bf8xd6
4.Ng1f3 g5
5.g3 g4
6.Nf3h4 f5
7.e3 f4
8.d3 f3
9.Nh4xf3 gxf3
10.Qd1xf3 Ng8e7
11.Bf1g2 Nb8c6
12.Qf3h5 Ne7g6
13.O-O Nc6e5
14.Qh5e2 c6
15.b3 Bc8g4
16.Qe2d2 Qd8e7
17.Bc1b2 O-O-O
18.d4 Ne5d7
19.d5 Rh8f8
20.Rf1xf8 Rd8xf8
21.dxc6 bxc6
22.Bg2xc6 Bg4f3
23.Bc6xf3 Rf8xf3
24.Bb2d4 Bd6c5
25.Qd2c3 Rf3xe3
26.Bd4xe3 Qe7xe3
27.Qc3xe3 Bc5xe3
28.Kg2 Be3d4
29.c3 Bd4f6
30.Nb1a3 Kb7
31.Ra1d1 Kc6
32.Kf3 Nd7e5
33.Ke4 Bf6e7
34.b4 a5
35.Na3c2 Kb5
36.Rd1d5 Kb6
37.Rd5xa5 Ne5c4
38.Ra5h5 Ng6f8
39.a4 Nc4d2
40.Kd5 Kc7
41.c4 Nd2b3
42.a5 Kb7
43.Rh5h6 Be7g5
44.Rh6b6 Ka7
45.c5 Nf8d7
{ time. }
1-0

[Event "Fast Game"]
[Site "www.echecsemail.com"]
[Date "2016.02.02"]
[Round "1"]
[White "Potemkine"]
[Black "Attatroll"]
[WhiteElo "1599"]
[BlackElo "1730"]
[Result "0-1"]
[Round "1"]
1.d4 e5
2.c3 exd4
3.cxd4 Ng8f6
4.Ng1f3 d6
5.e3 Bf8e7
6.Bf1e2 O-O
7.b4 Bc8f5
8.Bc1b2 Nb8c6
9.Bb2c3 a6
10.a4 h6
11.Qd1b3 Nf6e4
12.Qb3d5 Ne4xc3
13.Qd5xf5 Nc3xe2
14.Kxe2 Be7f6
15.g4 Nc6xb4
16.Nb1d2 Rf8e8
17.Rh1b1 a5
18.Nd2e4 c5
19.Rb1d1 c4
20.g5 Qd8e7
21.gxf6 Qe7xe4
22.Qf5b5 Nb4d3
23.Qb5xc4 Nd3b2
24.Nf3d2 Qe4g4
25.f3 Qg4g2
 { time }
0-1

[Event "Tourn. n8595"]
[Site "www.chess-mail.com"]
[Date "2016.02.03"]
[Round "1"]
[White "Biggles"]
[Black "Shlomo"]
[WhiteElo "1499"]
[BlackElo "1059"]
[Result "1-0"]
[Round "1"]
1.e4 e5
2.Ng1f3 Nb8c6
3.d4 Qd8e7
4.Bf1c4 Qe7b4
5.Nb1d2 exd4
6.O-O d6
7.a3 Qb4c5
8.Bc4d5 f5
9.Nd2b3 Qc5b6
10.Nf3xd4 Ng8f6
11.Nd4xf5 Bc8xf5
12.exf5 Nc6e7
13.Bd5e6 Nf6e4
14.Qd1h5 g6
15.fxg6 Ne7xg6
16.Qh5f5 Ne4c5
17.Nb3xc5 Qb6xc5
18.Qf5f7 Kd8
19.Qf7d7 
1-0

[Event "Tourn. n8539"]
[Site "www.chess-mail.com"]
[Date "2016.02.03"]
[Round "1"]
[White "Genius7"]
[Black "Amaya"]
[WhiteElo "2140"]
[BlackElo "2060"]
[Result "1/2-1/2"]
[Round "1"]
1.c4 g6
2.g3 Bf8g7
3.Bf1g2 Ng8f6
4.Nb1c3 O-O
5.e4 d6
6.d4 Nb8d7
7.Ng1e2 e6
8.O-O c5
9.dxc5 Nd7xc5
10.Qd1c2 Nc5a6
11.Rf1d1 Qd8c7
12.Nc3b5 Qc7c5
13.Nb5xd6 Nf6g4
14.Ne2c3 Bg7d4
15.Rd1xd4 Qc5xd4
16.Nd6b5 Qd4xc4
17.h3 Na6b4
18.Qc2d1 Ng4e5
19.a3 Nb4d3
20.b3 Qc4c6
21.Qd1c2 Bc8d7
22.f4 Nd3e1
23.Qc2d2 Ne1xg2
24.Kxg2 f6
25.fxe5 fxe5
26.Qd2d6 Qc6xd6
27.Nb5xd6 Bd7c6
28.Bc1e3 b6
29.Nd6c4 Ra8d8
30.Nc4xe5 Bc6b7
31.Ra1f1 { draw }
1/2-1/2

[Event "Tourn. n8587"]
[Site "www.chess-mail.com"]
[Date "2016.02.03"]
[Round "1"]
[White "Powerchess"]
[Black "Potemkine"]
[WhiteElo "1500"]
[BlackElo "1499"]
[Result "1-0"]
[Round "1"]
1.e4 e5
2.d4 f6
3.dxe5 fxe5
4.Qd1h5 g6
5.Qh5xe5 Ng8e7
6.Qe5xh8 d5
7.Bc1h6 Kf7
8.Qh8xf8 Qd8xf8
9.Bh6xf8 Kxf8
10.Nb1c3 c6
11.exd5 cxd5
12.O-O-O { resign }
1-0

[Event "Tourn. n8591"]
[Site "www.chess-mail.com"]
[Date "2016.02.03"]
[Round "1"]
[White "Duff"]
[Black "Falcoale"]
[WhiteElo "1830"]
[BlackElo "1710"]
[Result "1-0"]
[Round "1"]
1.e4 c5
2.Ng1f3 e6
3.d4 cxd4
4.Nf3xd4 Nb8c6
5.Nb1c3 a6
6.Bc1e3 Ng8f6
7.f3 Bf8e7
8.Qd1d2  { time }
1-0

[Event "Tourn. n8529"]
[Site "www.chess-mail.com"]
[Date "2016.02.03"]
[Round "1"]
[White "Jjmcbride"]
[Black "Cal"]
[WhiteElo "1450"]
[BlackElo "1570"]
[Result "1-0"]
[Round "1"]
1.e4 e5
2.Ng1f3 d6
3.d4 exd4
4.Qd1xd4 Nb8c6
5.Qd4c3 h6
6.Nf3d4 Nc6e5
7.h3 Ng8f6
8.f4 Bc8d7
9.fxe5 Nf6xe4
10.Qc3e3 d5
11.h4 c5
12.Nd4b5 a6
13.Nb5c3 Bd7f5
14.Nb1d2 d4
15.Qe3f3 Bf5h7
16.Nc3xe4 Bh7xe4
17.Qf3xe4 Bf8e7
18.Bf1d3 b5
19.b3 c4
20.bxc4 Be7b4
21.a3 O-O
22.Qe4h7 { resign }
1-0

[Event "Tourn. n8620"]
[Site "www.chess-mail.com"]
[Date "2016.02.03"]
[Round "1"]
[White "Redabond"]
[Black "Biggles"]
[WhiteElo "1600"]
[BlackElo "1499"]
[Result "0-1"]
[Round "1"]
1.d4 d5
2.Nb1c3 Ng8f6
3.Bc1f4 Nb8c6
4.Nc3b5 e5
5.dxe5 a6
6.exf6 axb5
7.fxg7 Bf8xg7
8.Ng1f3 Bg7xb2
9.Ra1b1 Ra8xa2
10.Bf4c1 Bb2c3
11.Nf3d2 Nc6d4
12.e3 Nd4xc2
13.Ke2 Qd8e7
14.Rb1b3 Bc8g4
15.f3 Qe7xe3

0-1

[Event "Tourn. n8567"]
[Site "www.chess-mail.com"]
[Date "2016.02.03"]
[Round "1"]
[White "Bojan"]
[Black "Odin"]
[WhiteElo "2060"]
[BlackElo "1860"]
[Result "1-0"]
[Round "1"]
1.d4 d5
2.e3 e6
3.Ng1f3 Ng8f6
4.c4 c6
5.c5 Nb8d7
6.b4 b5
7.Nb1c3 a5
8.bxa5 Qd8xa5
9.Bc1d2 Qa5a7
10.Bf1d3 Bf8e7
11.O-O Qa7c7
12.Nc3e2 O-O
13.h3 Bc8a6
14.Nf3h2 e5
15.f3 e4
16.Bd3c2 Ra8b8
17.Ne2f4 b4
18.Rf1f2 Ba6c4
19.g4 h6
20.Qd1e1 b3
21.axb3 Bc4xb3
22.Bc2xb3 Rb8xb3
23.Qe1c1 Rf8b8
24.Bd2a5 Qc7b7
25.Nh2f1 g5
26.Nf4g2 Qb7b5
27.h4 Qb5d3
28.Rf2d2 Qd3b5
29.Kf2 Rb8a8
30.Rd2a2 exf3
31.Kxf3 Nf6e4
32.Nf1d2 Rb3c3
33.Ba5xc3 Ra8xa2
34.Ra1xa2 gxh4
35.Ng2f4 Nd7f6
36.Ra2b2 Qb5d3
37.Nf4xd3 Ne4g5
38.Kg2 Nf6xg4
39.Nd3f4 Ng4xe3
40.Kh1 Ne3f5
41.Qc1g1 Kh7
42.Nd2f1 Be7d8
43.Qg1g4 Nf5g7
44.Bc3e1 f5
45.Qg4xh4 Ng5e6
46.Qh4f2 Bd8g5
47.Nf4xe6 Ng7xe6
48.Qf2xf5 { resign }
1-0